Dibujo axonométrico /

Contiene: Dibujo axonométrico contra perspectiva; Convenciones y construcción con líneas paralelas: Tipos de dibujos con líneas paralelas, construcción de dibujos con líneas paralelas; Matices y sombras; Técnicas de interpretación; Exploración y punto de vista ; Proyección Isométrica; Proyección axo...

Fuld beskrivelse

Guardado en:
Bibliografiske detaljer
Hovedforfatter: Uddin, M. Saleh (autor)
Format: Bog
Sprog:spansk
Udgivet: México : McGraw-Hill, 2000, c2000
Fag:
Tags: Tilføj Tag
Ingen Tags, Vær først til at tagge denne postø!

MARC

LEADER 00000nam^a2200000^a^4500
001 000184446
005 20250521000000.0
009 20260310102115.966
020 |a 970-10-2692-6 
037 |a Acervo ITESO - Biblioteca 
041 |a ESP 
082 |a 720. 284  |b UDD 
100 |a Uddin, M. Saleh  |e (autor) 
245 1 0 |a Dibujo axonométrico /  |c M.S. Uddin ; tr. por Rodolfo Navarro salas ; rev. de Arnulfo Rodríguez Aguilar. 
264 4 |a México :  |b McGraw-Hill,  |c 2000, c2000 
300 |a X, 213 p. 
336 |a texto  |b txt  |2 rdacontenido 
337 |a sin mediación  |b n  |2 rdamedio 
338 |a volumen  |b nc  |2 rdasoporte 
520 |a Contiene: Dibujo axonométrico contra perspectiva; Convenciones y construcción con líneas paralelas: Tipos de dibujos con líneas paralelas, construcción de dibujos con líneas paralelas; Matices y sombras; Técnicas de interpretación; Exploración y punto de vista ; Proyección Isométrica; Proyección axonométrica en el análisis de diseños; Proyección axonométrica en el proceso de diseño; Proyección axonométrica en una reprsentación integrada; Dibujo axonométrico en el trabajo de arquitectos contemporáneos. 
649 |a XX 
650 |a Perspectiva Lineal 
650 |a Dibujo Técnico 
650 |a Geometría Proyectiva 
650 |a Tercera Dimensión 
650 |a Maquetas 
650 |a Representación Arquitectónica 
650 |a Composición Arquitectónica 
650 |a Escala Arquitectónica 
650 |a Espacio Arquitectónico 
650 |a Proyecto Arquitectónico 
650 |a Aida, Takefumi 
650 |a Ames, Anthony 
650 |a Ando, Tadao 
650 |a Baker, David 
650 |a Chung, Stephen K. 
650 |a English, Mark 
650 |a Fakelmann, Robert, J. 
650 |a Ferrier, Richard B. 
650 |a Grice, Gordon 
650 |a Pontvik, Alexis 
650 |a Norman, Thomas 
650 |a Sanders, Joel 
650 |a Takeyama, Minoru 
910 |a Fondo General 
920 |a Impresos - Libros 
930 |a Colección General 
905 |a 101 
901 |a 0500125269  |b IT1  |c ACC  |u 20250521 
902 |a https://opac.biblio.iteso.mx/vufind/Record/000184446